000 00413nam a2200157Ia 4500
008 230312s9999||||xx |||||||||||||| ||und||
020 _a0-521-7975-X
082 _a384.5
_bMAY-M
100 _aMay,Paul
245 0 _aMobile Commerce
260 _bCambridge
_aU K
_c2001
300 _a280
546 _aEng.
650 _aEngineering
_vopportunities applications and technologies of wireless bussiness
942 _cBK
999 _c1989
_d1989